000 00711cam a22002413a 4500
001 3533
003 PGUSA
005 20140828083034.0
008 021101s2002||||xxu|||||s|||||000 1 eng d
040 _aPGUSA
_beng
042 _adc
050 4 _aPS
100 1 _aLeacock, Stephen,
_d1869-1944
245 1 0 _aSunshine Sketches of a Little Town
_h[electronic resource] /
_cStephen Leacock
260 _bProject Gutenberg,
_c2002
506 _aPublic domain in the USA.
516 _aElectronic text
653 _aCity and town life -- Fiction
653 _aCanada -- Social life and customs -- Fiction
830 0 _aProject Gutenberg
_v3533
856 4 0 _uhttp://www.gutenberg.org/ebooks/3533
942 _cEB
999 _c232862
_d232862